| LEADER |
00638nam0a2200193 450 |
| 001 |
16823881 |
| 010 |
|
|
|a 978-2-298-00786-2
|b br.
|d 9,95
|
| 100 |
|
|
|a 20080314d2026 u u0frey01 ba
|
| 101 |
0 |
|
|a fre
|
| 102 |
|
|
|a FR
|
| 200 |
0 |
|
|a working girl (La)
|e petite chronique de la vie de bureau
|f Sophie Talneau
|
| 207 |
|
1 |
|a
|
| 210 |
|
|
|a Paris
|c Ed. France loisirs
|d impr. 2008
|
| 215 |
|
|
|a 1 vol. (213 p.)
|c couv. ill. en coul.
|d 18 cm
|
| 225 |
1 |
|
|a Piment
|
| 700 |
|
0 |
|a Talneau
|b Sophie
|f 1977-....
|4 70
|
| 900 |
|
|
|a Roman
|
| 901 |
|
|
|a Accessible au prêt
|
| 995 |
|
|
|a Bibliothèque
|c Bibliothèque
|f 024016726
|h 024016726
|k R TAL
|o p
|q a
|r az
|e Bibliothèque
|